| 000 | 00437nab a22001457 4500 | ||
|---|---|---|---|
| 003 | ES-SlBCS | ||
| 005 | 20210610011006.0 | ||
| 008 | 140318s2013 sp ||||| |||| 00| 0 spa d | ||
| 040 |
_aES-SlBC _bspa |
||
| 041 | _aspa | ||
| 100 | 1 |
_aTorres Queiruga, Andrés _92747 |
|
| 245 | 1 | 0 |
_aCreados por amor: la santidad cristiana _cAndrés Torres Queiruga |
| 773 | 0 |
_gNúm. 351, 2013, págs. 25-44 _tConcilium _wRev134 _x0210-1041 |
|
| 942 |
_2lcc _cAR |
||
| 999 |
_c452036 _d452036 |
||